| 000 | 00730nam a2200241 4500 | ||
|---|---|---|---|
| 003 | OSt | ||
| 005 | 20260601193851.0 | ||
| 008 | 260420b2000 mx a|||| |||| 00| 0 spa d | ||
| 040 |
_aICI _bspa _cICI |
||
| 050 |
_aND259 _bA5 2000 |
||
| 100 | 1 |
_aRojo, Vicente, _919416 |
|
| 245 | 1 | _aVicente Rojo | |
| 250 | _a 1a ed. | ||
| 260 |
_aMéxico : _bConsejo de Diseñadores de México, _c2000 |
||
| 300 |
_a61 páginas: _bilustraciones |
||
| 336 |
_atexto _2rdacontent |
||
| 337 |
_asin medio _2rdamedia |
||
| 338 |
_avolumen _2rdacarrier |
||
| 490 | _aBiblioteca de diseño Quórum | ||
| 600 | 1 |
_aRojo, Vicente, _xCatálogos. _ySiglo XX - _932239 |
|
| 650 |
_aArte abstracto mexicano - _xCatálogos. _ySiglo XX - _932240 |
||
| 942 |
_2lcc _cB |
||
| 999 |
_c21842 _d21842 |
||